1691 1298 1811 1540 1674 1363 1481 1686 1739 1603 1258 1799 1877 1754 1126 1056 1376 1436 1893 1053 1306 1815 1230 1243 1819 1559 1868 1676 1758 1506 1232 1702 1917 1795 1114 1376 1265 1207 1692 1465 1296 1587 1381 1908 1693 1023 1976 1533 1863 1702 1176 1397 1268 1938 1055 1470 1426 1516 1320 1948 1838 1938 1695 1705 1800 1535 1484 1418 1537 1711 1758 1946 1237 1993 1886 1570 1910 1536 1979 1162 1648 1755 1630 1884 1528 1761 1775 1471 1167 1570 1403 1776 1648 1919 1553 1405 1779 1332 1331 BCNSPRNW ULIB Ver.6.0+V

เปลี่ยนเป็นภาษาไทย

Change to English
 แสดงรายละเอียดบรรณานุกรม
  กลับหน้าหลัก

Brief Record : Get Marc (ISO 2709) : E-mail record : QR code < ปิดหน้าต่าง
LEADER : 00000nas 2200000uu 4500
001    13399113692
003     ULIB
008    020711s|||| th a 000 0 tha d
022    ^a08593477
110    ^aโน้ต พับลิชิ่ง
245    ^aทีวีพูล
260    ^aกรุงเทพฯ :^bโน้ต พับลิชิ่ง,^cม.ป.ป.
300    ^a118 หน้า
310    ^aรายสัปดาห์
850 ^a ULIB^bฉบับที่ 1125 ปีที่ 22
945    ^p25^l0^i900012
รายการนี้ยังไม่มีแท็ก
คุณยังไม่ได้ล็อกอิน คุณสามารถมีกิจกรรมร่วมกับเว็บไซต์ได้ แต่ต้องล็อกอินก่อน ::
  ล็อกอิน

รายการสื่อสารสนเทศ (วารสาร)

ดูแบบ: กล่อง รายการ
ARRIVED
ฉบับที่ 1125 ปีที่ 22
สถานที่: ห้องสมุดวิทยาเขตสวรรค์ประชารักษ์ >หนังสือทั่วไป
รายการใกล้เคียง
    ผู้แต่ง []

BibComment


ยังไม่เคยถูกคอมเมนท์

คอมเมนท์ทรัพยากรรายการนี้
  คอมเมนท์: ทีวีพูล


 Copyright 2026. Bcnsprnw @Library